00351cam a2200109 i 4500020002600000100001400026245007000040250001100110260007300121300002300194490002400217 a9789860669800cNT$3601 a李維文10a關係力 :b用10%關鍵人物, 成就90%大事! /c李維文著 a初版 a新北市 :b方舟文化出版 :b遠足文化發行,c2021[民110] a255面 ;c23公分1 a職場方舟 ;v19.